Principles and practices of plant quarantine / (Record no. 37947)

MARC details
000 -LEADER
fixed length control field 00801nam a22002297a 4500
005 - DATE AND TIME OF LATEST TRANSACTION
control field 2010072205365.0
010 ## - LCCN (DPL NO)
LC control number ENG-97086
020 ## - INTERNATIONAL STANDARD BOOK NUMBER
Terms of availability 1860.00
International Standard Book Number 9788184244076
035 ## - SYSTEM CONTROL NUMBER
System control number EN-80619
037 ## - SOURCE OF ACQUISITION
Source of stock number/acquisition DBAD/PUB
082 ## - DEWEY DECIMAL CLASSIFICATION NUMBER
Classification number 632.93
100 ## - MAIN ENTRY--PERSONAL NAME
Personal name Muthaiyan, M.C.
245 ## - TITLE STATEMENT
Title Principles and practices of plant quarantine /
Statement of responsibility, etc by M.C. Muthaiyan
260 ## - PUBLICATION, DISTRIBUTION, ETC. (IMPRINT)
Place of publication, distribution, etc New Delhi
Name of publisher, distributor, etc Allied Publishers
Date of publication, distribution, etc 2009
270 ## - ADDRESS
City New Delhi
Address A-104 Mayapuri Phase ii,
Postal code 110064
300 ## - PHYSICAL DESCRIPTION
Extent x, 1150 p.
Dimensions 28 cm (Hb)
500 ## - GENERAL NOTE
General note includes bibliographical references and index
700 ## - ADDED ENTRY--PERSONAL NAME
9 (RLIN) 1438
700 ## - ADDED ENTRY--PERSONAL NAME
9 (RLIN) 1585
942 ## - ADDED ENTRY ELEMENTS (KOHA)
Source of classification or shelving scheme Dewey Decimal Classification
Item type English Books
Call number suffix MUT
Classification part 632.93
Holdings
Withdrawn status Lost status Not for loan Collection code Home library Current library Date acquired Source of acquisition Cost, normal purchase price Full call number Barcode Copy number Cost, replacement price Koha item type
    Not For Loan Non-fiction D.B.Act.Division D.B.Act.Division 27/07/2010 DBAD/PUB 1860.00 632.93 MUT EN-80619 1 1860.00 English Books

© Delhi Public Library
Hit Counter
free hit counter